| 000 | 00522nam a2200181Ia 4500 | ||
|---|---|---|---|
| 003 | OSt | ||
| 005 | 20250809121735.0 | ||
| 008 | 250729s2006 xx 000 0 und d | ||
| 040 | _cAL | ||
| 041 | _aeng | ||
| 082 | _a370.15 KONS | ||
| 100 |
_aಲೋಕಾಪುರ ಐ ಏ _9221188 |
||
| 245 | _aಪ್ರೌಢ ಶಿಕ್ಷಣ ಹಾಗೂ ಶಿಕ್ಷಕರ ಕಾರ್ಯಗಳು | ||
| 260 |
_aGadaga _bVidya Nidhi Prakashana _c2006 |
||
| 300 | _a427p | ||
| 650 |
_aPsychology _9221189 |
||
| 942 |
_2ddc _cBED |
||
| 999 |
_c234895 _d234895 |
||